| 000 | 00637nam a2200169 4500 | ||
|---|---|---|---|
| 008 | 240503b |||||||| |||| 00| 0 eng d | ||
| 020 | _a9789551489069 | ||
| 082 |
_a303.6 _bSOU |
||
| 110 | _aSouth Asians for Human Rights | ||
| 245 |
_aIDPs in Sri Lanka: _breport of the fact finding mission to the North and East of Sri Lanka to assess the state of displaced persons - August 2007 |
||
| 260 |
_aColombo: _bSouth Asians for Human Rights, _c2007 |
||
| 300 | _ax., 72 p. | ||
| 650 | _aINTERNAL DISPLACED PERSONS-Sri Lanka | ||
| 700 |
_aSatkunanathan, Ambika _ecomp. |
||
| 856 | _uhttps://sangam.org/2007/08/SAHR.pdf?uid=2512 | ||
| 942 | _cRP | ||
| 999 |
_c4885 _d4885 |
||